000 00559nam a2200205 a 4500
001 BRCA_7227
005 20190320205746.0
008 180112s1933----fr-ao#####---#000-0#fre-#
041 _afre
044 _afr
050 4 _aF1230
_b.G46 193
100 1 _aGeìnin, Auguste
_d1862-1931
_917907
245 1 0 _aLes francais au mexique du xvie siècle a nos jours
_cAuguste Génin.
260 _aParís
_bArgo
_c1933
300 _axxii, 544 p.
_bil., retratos
_c27 cm.
500 _aP130
650 1 4 _aFranceses en México
_917908
902 _aGFM
942 _2lcc
_cB
999 _c6908
_d6908